• Calvo Caballero, Pilar

di Personal Name

Records bibliografici associati: 1

001 - CONTROL NUMBER

  • control field: 18795

003 - CONTROL NUMBER IDENTIFIER

  • control field: IT-RoINE

005 - DATE AND TIME OF LATEST TRANSACTION

  • control field: 20150429090531.0

008 - FIXED-LENGTH DATA ELEMENTS

  • fixed length control field: 150429|| aca||aabn | a|a d

040 ## - CATALOGING SOURCE

  • Original cataloging agency: IT-RoINE
  • Transcribing agency: IT-RoINE

100 ## - HEADING--PERSONAL NAME

  • Personal name: Calvo Caballero, Pilar

670 ## - SOURCE DATA FOUND

  • Source citation: Work cat.: (IT-RoINE)0: Calvo Caballero, Pilar, Asociacionismo y cultura patronales en Castilla y León durante la Restauración (1876-1923) /, 2003.